000
002340000a22000970004500
100
1
_a
Blackman, Rachel
245
1
0
_a
Recolección y almacenamiento de agua
300
_a
Núm 51 (2002), Páginas 11
773
0
_t
Paso a paso
942
_c
ANA
999
_c
52646
_d
52646